LEADER 01643nam 2200421 a 450 001 9910698901403321 005 20090430142309.0 035 $a(CKB)5470000002396847 035 $a(OCoLC)319707068 035 $a(EXLCZ)995470000002396847 100 $a20090430d2006 ua 0 101 0 $aeng 135 $aurbn||||a|||| 181 $ctxt$2rdacontent 182 $cc$2rdamedia 183 $acr$2rdacarrier 200 00$aGuidance for industry$b[electronic resource] $equestions and answers regarding food allergens, including the Food Allergen Labeling and Consumer Protection Act of 2004 : final guidance 205 $aEdition 4. 210 1$a[College Park, Md.] :$cU.S. Food and Drug Administration, Center for Food Safety and Applied Nutrition,$d[2006] 215 $a1 electronic text $cHTML file 300 $aTitle from title screen (viewed on Apr. 30, 2009). 300 $a"October 2006." 517 $aGuidance for industry 606 $aFood$xLabeling$xLaw and legislation$zUnited States$vMiscellanea 606 $aFood allergy$xLaw and legislation$zUnited States$vMiscellanea 606 $aAllergens$zUnited States$vMiscellanea 606 $aConsumer protection$xLaw and legislation$zUnited States$vMiscellanea 615 0$aFood$xLabeling$xLaw and legislation 615 0$aFood allergy$xLaw and legislation 615 0$aAllergens 615 0$aConsumer protection$xLaw and legislation 712 02$aCenter for Food Safety and Applied Nutrition (U.S.) 801 0$bGPO 801 1$bGPO 906 $aBOOK 912 $a9910698901403321 996 $aGuidance for industry$93434577 997 $aUNINA LEADER 02024nam 2200337la 450 001 9910482649203321 005 20221102161728.0 035 $a(UK-CbPIL)2090362542 035 $a(CKB)5500000000092682 035 $a(EXLCZ)995500000000092682 100 $a20221102d1608 uy | 101 0 $alat 135 $aurcn||||a|bb| 200 10$aAvicennae Arabum medicorum principis / ex Gerardi Cremonensis versione, et Andreae Alpagi Bellunensis castigatione. A Joanne Costaeo et Joanne Paulo Mongio annotationibus iampridem illustratus. Nunc vero ab eodem Costaeo recognitus et novis alicubi observationibus adauctus. Quibus principum philosophorum, ac medicorum consensus, dissensusq´ indica?tur. Vita ipsius Avicennae ex Sorsano Arabe eius discipulo, a? Nicolao Massa latine scripta, & figuris quibusdam, ex priori nostra editione sumptis. Additis nuper etiam Librorum canonis oeconomijs, necnon Tabulis isagogicis in universam medicinam ex arte Humain, idest Joannitii Arabis. Per Fabium Paulinum Utinensem. Cum indicibus quattuor, duobus vocum arabicarum, altero Gerardi Cremonensis, altero Bellunensis, duobus rerum memorabilium, altero in Avicennae contextu, altero in annotationibus contentarum 210 $a[s.l.] $c[s.n.]$d1608 215 $aOnline resource (2 v. : ill., tables, t.p. of vol. i in red & black with engr. border, woodcuts , (fol.)) 300 $aReproduction of original in The Wellcome Library, London. 700 $aAvicenna$f980-1037.$0189788 701 $aGherardo$cda Cremona,$f1113 or 1114-1187.$00 701 $aAlpago$b Andrea$factive 16th century.$0774538 701 $aCosteo$b Giovanni$f1528-1603.$0905520 701 $aMongio`$b Giovanni Paolo$0905521 701 $aMassa$b Niccolo?$f1489-1569.$00 701 $aPaolinus$b Fabius$f1605.$0874672 701 $aRaspano$b Fabritio$factive 1595.$0905522 801 0$bUk-CbPIL 801 1$bUk-CbPIL 906 $aBOOK 912 $a9910482649203321 996 $aAvicennae Arabum medicorum principis$92025437 997 $aUNINA